111 digital and linear IC projects
Đã lưu trong:
| 主要作者: | |
|---|---|
| 格式: | 圖書 |
| 語言: | Undetermined |
| 出版: |
Blue Ridge Summit
TAB Books
1975
|
| 主題: | |
| 標簽: |
添加標簽
沒有標簽, 成為第一個標記此記錄!
|
| Thư viện lưu trữ: | Trung tâm Học liệu Trường Đại học Cần Thơ |
|---|
| LEADER | 00517nam a2200181Ia 4500 | ||
|---|---|---|---|
| 001 | CTU_82674 | ||
| 008 | 210402s9999 xx 000 0 und d | ||
| 082 | |a 621.381 | ||
| 082 | |b T883 | ||
| 100 | |a Tuite, Don | ||
| 245 | 0 | |a 111 digital and linear IC projects | |
| 245 | 0 | |c Don Tuite | |
| 260 | |a Blue Ridge Summit | ||
| 260 | |b TAB Books | ||
| 260 | |c 1975 | ||
| 650 | |a Electronic apparatus and appliances,Integrated circuits | ||
| 904 | |i QHieu(sửa) | ||
| 980 | |a Trung tâm Học liệu Trường Đại học Cần Thơ | ||